000 00619nam a2200217Ia 4500
005 20250326144112.0
008 250326s9999 xx 000 0 und d
020 _a978-1-56327-343-8
037 _aTextbook
040 _aFMSL
_beng
_cFMSL
041 _aeng
_2eng
084 _aX:89Q8 P6
_qFMSL
100 _aNash M A
_9749037
245 0 _aUsing lean for faster six sigma results
_cNash M A; Poling S R And Others
260 _aNY
_bNY, Productivity
_c2006
300 _a161p
365 _b65869.456000000006
650 _aStrategy
_9648439
942 _cTB
_hX:89Q8 P6
999 _c1302367
_d1302367